| 000 | 00588nam a2200145Ia 4500 | ||
|---|---|---|---|
| 008 | 170221s9999 xx 000 0 und d | ||
| 100 | _aDmitry E. Morkovkin | ||
| 245 | _aFactors and Material Conditions for Space-Intensive Economic Development of Region | ||
| 245 | _cDmitry E. Morkovkin, Alexei Y. Mamychev, Nataliya V. Yakovenko, Igor V. Komov, Mariya V. Derevyagina, Olga V. Didenko | ||
| 260 | _bInternational Review of Management and Marketing | ||
| 260 | _c2012 | ||
| 300 | _a7 : 1 | ||
| 650 | _xMarketing. | ||
| 856 | _uhttp://www.econjournals.com/index.php/irmm/issue/view/70 | ||
| 999 |
_c313946 _d313946 |
||